LEADER 04348nam 22007695 450 001 9910299615003321 005 20251116134605.0 010 $a3-319-17879-2 024 7 $a10.1007/978-3-319-17879-0 035 $a(CKB)3710000000415706 035 $a(EBL)2094778 035 $a(SSID)ssj0001501344 035 $a(PQKBManifestationID)11901907 035 $a(PQKBTitleCode)TC0001501344 035 $a(PQKBWorkID)11522622 035 $a(PQKB)10075278 035 $a(DE-He213)978-3-319-17879-0 035 $a(MiAaPQ)EBC2094778 035 $a(PPN)186026684 035 $a(EXLCZ)993710000000415706 100 $a20150518d2015 u| 0 101 0 $aeng 135 $aur|n|---||||| 181 $ctxt 182 $cc 183 $acr 200 10$aAsset Management for Infrastructure Systems $eEnergy and Water /$fby Gerd Balzer, Christian Schorn 205 $a1st ed. 2015. 210 1$aCham :$cSpringer International Publishing :$cImprint: Springer,$d2015. 215 $a1 online resource (345 p.) 300 $aDescription based upon print version of record. 311 08$a3-319-17878-4 320 $aIncludes bibliographical references at the end of each chapters. 327 $aIntroduction -- Tasks of the Asset Management -- Control functions -- Integration into the Business Organization -- System Landscape in the Area of Asset Management. 330 $aThe book offers a broad overview of asset management processes for different utilities, with a special emphasis on energy and water. It provides readers with important practical considerations concerning the development of new competitive structures and procedures for guaranteeing a sufficient supply of energy and water in a regulated environment, using clearly defined technical and economic cornerstones. On the one hand asset owners expect suitable interests from their investment and business growth; on the other hand regulators focus more on a reliable and cost-effective customer supply. This book shows how to take into consideration these different perspectives in the process of designing new structures, and how to guarantee organizational transparency. Based on the major tasks of an asset manager, it describes essential principles and boundary conditions for ensuring the optimal use of resources in a network, such as investment and maintenance strategies, equipment service life, investment and operational costs, etc. Moreover, it points out their impact on the organization of the company, including the necessary IT landscape and computer programs. The book is the English translation of Asset Management für Infrastrukturanlagen - Energie und Wasser1, written by the same authors and published by Springer in 2014. 606 $aEnergy policy 606 $aEnergy policy 606 $aEnvironmental management 606 $aFacility management 606 $aManagement information systems 606 $aComputer science 606 $aEnergy Policy, Economics and Management$3https://scigraph.springernature.com/ontologies/product-market-codes/112000 606 $aWater Policy/Water Governance/Water Management$3https://scigraph.springernature.com/ontologies/product-market-codes/215000 606 $aFacility Management$3https://scigraph.springernature.com/ontologies/product-market-codes/T23063 606 $aManagement of Computing and Information Systems$3https://scigraph.springernature.com/ontologies/product-market-codes/I24067 615 0$aEnergy policy. 615 0$aEnergy policy. 615 0$aEnvironmental management. 615 0$aFacility management. 615 0$aManagement information systems. 615 0$aComputer science. 615 14$aEnergy Policy, Economics and Management. 615 24$aWater Policy/Water Governance/Water Management. 615 24$aFacility Management. 615 24$aManagement of Computing and Information Systems. 676 $a005.74 676 $a333.79 676 $a338926 676 $a553.7 676 $a621.042 676 $a658.2 700 $aBalzer$b Gerd$4aut$4http://id.loc.gov/vocabulary/relators/aut$0866287 702 $aSchorn$b Christian$4aut$4http://id.loc.gov/vocabulary/relators/aut 906 $aBOOK 912 $a9910299615003321 996 $aAsset Management for Infrastructure Systems$91933363 997 $aUNINA LEADER 03637oas 2201273 a 450 001 9910139178003321 005 20260127110459.0 011 $a1940-1590 035 $a(DE-599)ZDB2067365-6 035 $a(OCoLC)38436099 035 $a(CONSER) 2007215271 035 $a(CKB)960238461058 035 $a(DE-599)2067365-6 035 $a(EXLCZ)99960238461058 100 $a19980213a19739999 sy a 101 0 $aeng 135 $aurmnu|||||||| 181 $ctxt$2rdacontent 182 $cc$2rdamedia 183 $acr$2rdacarrier 200 00$aAsian affairs $ean American review 210 $aNew York, N.Y. $cCrane, Russak & Co. on behalf of American-Asian Educational Exchange$d1973- 210 3 $a[Abingdon, UK] $cTaylor & Francis 215 $a1 online resource (volumes) 300 $aTitle from title page (JSTOR, viewed Oct. 7, 2009). 300 $aPublished by: American-Asian Educational Exchange, Inc., Sept./Oct. 1974-July/Aug. 1979; published: Washington D.C. : Heldref Publications, Sept./Oct. 1979- 311 08$a0092-7678 606 $aPolityka mie?dzynarodowa$2dbn 606 $aDiplomatic relations$2fast$3(OCoLC)fst01907412 606 $aPolítica exterior$2thub 606 $aSociologia$2thub 606 $aHistòria$2thub 606 $aFOREIGN RELATIONS$2unbist 606 $aASIA$2unbist 606 $aUNITED STATES$2unbist 607 $aAsia$xForeign relations$zUnited States$vPeriodicals 607 $aUnited States$xForeign relations$zAsia$vPeriodicals 607 $aAsia$vPeriodicals 607 $aAsie$xRelations exte?rieures$zE?tats-Unis$vPe?riodiques 607 $aE?tats-Unis$xRelations exte?rieures$zAsie$vPe?riodiques 607 $aAsie$vPe?riodiques 607 $aAsia$2fast$1https://id.oclc.org/worldcat/entity/E39PBJxMpyjKQ9Jtm3jkjPBgKd 607 $aUnited States$2fast$1https://id.oclc.org/worldcat/entity/E39PBJtxgQXMWqmjMjjwXRHgrq 607 $aÀsia$2thub 607 $aEstats Units d'Amèrica$2thub 608 $aperiodicals.$2aat 608 $aCzasopismo politologiczne.$2dbn 608 $aPeriodicals.$2fast 608 $aPeriodicals.$2lcgft 608 $aPe?riodiques.$2rvmgf 608 $aRevistes electròniques.$2thub 610 0$aPolitical science 610 0$aRegional focus/area studies 615 7$aPolityka mie?dzynarodowa. 615 7$aDiplomatic relations. 615 7$aPolítica exterior. 615 7$aSociologia. 615 7$aHistòria. 615 17$aFOREIGN RELATIONS. 615 17$aASIA. 615 17$aUNITED STATES. 676 $a327.5/073 712 02$aAmerican-Asian Educational Exchange (1967- ), 801 0$bFGA 801 1$bFGA 801 2$bOCL 801 2$bOCLCQ 801 2$bBUF 801 2$bUV0 801 2$bNSD 801 2$bAU@ 801 2$bWQM 801 2$bEYM 801 2$bHUL 801 2$bOCLCQ 801 2$bZ5A 801 2$bOCLCE 801 2$bOCL 801 2$bOCLCQ 801 2$bOCLCA 801 2$bCOO 801 2$bOCLCO 801 2$bOCLCQ 801 2$bOCLCF 801 2$bOCLCO 801 2$bOCLCQ 801 2$bDOS 801 2$bOCLCO 801 2$bDEBBG 801 2$bDLC 801 2$bOCLCQ 801 2$bNLE 801 2$bVT2 801 2$bNTG 801 2$bUKMGB 801 2$bCUI 801 2$bUWK 801 2$bOCLCQ 801 2$bAUD 801 2$bUBY 801 2$bOCLCL 801 2$bSFB 801 2$bOCLCL 801 2$bUEJ 801 2$bOCLCQ 906 $aJOURNAL 912 $a9910139178003321 996 $aAsian Affairs$91320980 997 $aUNINA